[Event "Monarch Assurance Isle of Man 12th"]
[Site "Port Erin IOM"]
[Date "2003.10.05"]
[Round "9.10"]
[White "Handke, Florian"]
[Black "Kuzmin, Alexey"]
[Result "0-1"]
[WhiteElo "2476"]
[BlackElo "2583"]
[PlyCount "76"]
[EventDate "2003.09.27"]
[EventType "swiss"]
[EventRounds "9"]
[EventCountry "IOM"]
[SourceTitle "BritBase"]
[SourceDate "2008.07.14"]
[SourceVersion "1"]
[SourceVersionDate "2008.07.14"]
[SourceQuality "2"]

1. e4 e5 2. Nf3 Nc6 3. Bb5 a6 4. Ba4 Nf6 5. O-O Be7 6. Re1 b5 7. Bb3 d6 8. c3
O-O 9. h3 Na5 10. Bc2 c5 11. d4 Qc7 12. Nbd2 cxd4 13. cxd4 Bb7 14. d5 Rac8 15.
Bd3 Nd7 16. Nf1 f5 17. b4 Nc4 18. exf5 Bxd5 19. Ng3 Qb7 20. Nd4 Bxg2 21. f3 Qa7
22. Kxg2 Qxd4 23. f6 Bxf6 24. Rb1 Ndb6 25. a4 Nxa4 26. Re4 Qb6 27. Bxc4+ bxc4
28. Qxa4 d5 29. Rg4 c3 30. Qa2 Qb5 31. Be3 Kh8 32. Bc5 Rfd8 33. Rd1 Qc6 34. Qc2
a5 35. Nh5 axb4 36. Bxb4 d4 37. Ng3 Qb5 38. Ba3 d3 0-1

[Event "Monarch Assurance Isle of Man 12th"]
[Site "Port Erin IOM"]
[Date "2003.10.05"]
[Round "9.12"]
[White "Sandipan, Chanda"]
[Black "Luther, Thomas"]
[Result "1/2-1/2"]
[WhiteElo "2469"]
[BlackElo "2574"]
[PlyCount "106"]
[EventDate "2003.09.27"]
[EventType "swiss"]
[EventRounds "9"]
[EventCountry "IOM"]
[SourceTitle "BritBase"]
[SourceDate "2008.07.14"]
[SourceVersion "1"]
[SourceVersionDate "2008.07.14"]
[SourceQuality "2"]

1. d4 d5 2. c4 c6 3. Nc3 Nf6 4. Nf3 a6 5. a4 e6 6. Bg5 Nbd7 7. e3 Qa5 8. cxd5
Nxd5 9. e4 Nxc3 10. bxc3 Nf6 11. e5 Ne4 12. Bd2 c5 13. Rb1 Nxc3 14. d5 exd5 15.
Qb3 d4 16. Bc4 Qb4 17. Bxf7+ Kd8 18. O-O Qxb3 19. Rxb3 Kc7 20. a5 Be7 21. Re1
Bg4 22. Bxc3 dxc3 23. Bd5 Rab8 24. Rxc3 Rhd8 25. Bc4 Rf8 26. Nd2 Rbd8 27. Nb3
Rd1 28. Rc1 Rxe1+ 29. Rxe1 Rf4 30. Rc1 b5 31. axb6+ Kxb6 32. g3 Re4 33. f4 Rxc4
34. Rxc4 Be6 35. Rc3 c4 36. f5 Bd5 37. Nc1 Bc5+ 38. Kf1 Bd4 39. Rc2 Bxe5 40.
Ke2 a5 41. Ke3 a4 42. Na2 Kc5 43. Nc3 a3 44. Kd2 Bc6 45. Rc1 Bd7 46. Re1 Bd4
47. g4 h5 48. h3 h4 49. Rf1 Bc6 50. g5 Kb4 51. Rb1+ Kc5 52. Rf1 Kb4 53. Rb1+
Kc5 1/2-1/2

[Event "Monarch Assurance Isle of Man 12th"]
[Site "Port Erin IOM"]
[Date "2003.10.05"]
[Round "9.13"]
[White "Halkias, Stelios"]
[Black "Kiseleva, Natalia"]
[Result "1-0"]
[WhiteElo "2560"]
[BlackElo "2322"]
[PlyCount "57"]
[EventDate "2003.09.27"]
[EventType "swiss"]
[EventRounds "9"]
[EventCountry "IOM"]
[SourceTitle "BritBase"]
[SourceDate "2008.07.14"]
[SourceVersion "1"]
[SourceVersionDate "2008.07.14"]
[SourceQuality "2"]

1. d4 d5 2. c4 c6 3. Nc3 e6 4. e4 Bb4 5. Bd3 dxe4 6. Bxe4 Nf6 7. Bc2 O-O 8. Nf3
Nbd7 9. O-O c5 10. Bg5 cxd4 11. Qxd4 Re8 12. Ne4 Be7 13. Nd6 Bxd6 14. Qxd6 Qb6
15. Qxb6 Nxb6 16. b3 e5 17. Rfe1 Nfd7 18. Rad1 Nf8 19. Be3 Nbd7 20. c5 a5 21.
Ng5 f6 22. Ne4 Ne6 23. Nd6 Re7 24. Nc4 Ndf8 25. f4 exf4 26. Bxf4 Bd7 27. Bd6
Ree8 28. Nb6 Bc6 29. Nxa8 1-0

[Event "Monarch Assurance Isle of Man 12th"]
[Site "Port Erin IOM"]
[Date "2003.10.05"]
[Round "9.14"]
[White "Pert, Nicholas"]
[Black "Van der Weide, Karel"]
[Result "1-0"]
[WhiteElo "2483"]
[BlackElo "2412"]
[PlyCount "66"]
[EventDate "2003.09.27"]
[EventType "swiss"]
[EventRounds "9"]
[EventCountry "IOM"]
[SourceTitle "BritBase"]
[SourceDate "2008.07.14"]
[SourceVersion "1"]
[SourceVersionDate "2008.07.14"]
[SourceQuality "2"]

1. d4 Nf6 2. Nf3 g6 3. c4 Bg7 4. g3 O-O 5. Bg2 d6 6. O-O Nbd7 7. Nc3 e5 8. h3
a6 9. Re1 Rb8 10. e4 exd4 11. Nxd4 Ne5 12. b3 c5 13. Nc2 b5 14. f4 Ned7 15.
Qxd6 b4 16. Na4 Ne8 17. Qd2 Bxa1 18. Nxa1 Qc7 19. Nc2 Nb6 20. Nxb6 Rxb6 21. Qf2
Bb7 22. Be3 Rc6 23. Rd1 Ng7 24. Rd5 Re8 25. Ne1 f5 26. Nd3 fxe4 27. Nxc5 Nf5
28. Rd7 Rxc5 29. Rxc7 Rxc7 30. Bb6 Rce7 31. g4 e3 32. Qe1 Bxg2 33. Kxg2 Re6 {
both scoresheets illegible... 61 moves} 1-0

[Event "Monarch Assurance Isle of Man 12th"]
[Site "Port Erin IOM"]
[Date "2003.10.05"]
[Round "9.15"]
[White "Davies, Nigel"]
[Black "Hunt, Harriet"]
[Result "1-0"]
[WhiteElo "2482"]
[BlackElo "2402"]
[PlyCount "87"]
[EventDate "2003.09.27"]
[EventType "swiss"]
[EventRounds "9"]
[EventCountry "IOM"]
[SourceTitle "BritBase"]
[SourceDate "2008.07.14"]
[SourceVersion "1"]
[SourceVersionDate "2008.07.14"]
[SourceQuality "2"]

1. d4 Nf6 2. Nf3 e6 3. Bg5 d5 4. e3 Be7 5. Nbd2 c5 6. c3 Nbd7 7. Bd3 b6 8. O-O
Bb7 9. Qb1 h6 10. Bh4 O-O 11. Re1 Rc8 12. Bg3 Nh5 13. Be5 f5 14. Qd1 Nhf6 15.
Bxf6 Nxf6 16. Ne5 Bd6 17. f4 Qe8 18. a4 a6 19. Qe2 Ra8 20. h3 Ne4 21. Bxe4 fxe4
22. a5 cxd4 23. cxd4 bxa5 24. Nb3 Bc6 25. Nxa5 Bb5 26. Qd2 Rb8 27. Rec1 Qh5 28.
Nb3 g5 29. Nc5 gxf4 30. exf4 Qf5 31. Nxa6 Ra8 32. Nc5 Rxa1 33. Rxa1 Bxc5 34.
dxc5 Qxf4 35. Qxf4 Rxf4 36. c6 Rf8 37. Rc1 Kg7 38. Rc5 Ba6 39. b4 e3 40. Nf3 e5
41. b5 Bc8 42. Rxd5 e4 43. Nd4 Rf2 44. b6 1-0

[Event "Monarch Assurance Isle of Man 12th"]
[Site "Port Erin IOM"]
[Date "2003.10.05"]
[Round "9.17"]
[White "Maze, Sebastien"]
[Black "Valaker, Ole J"]
[Result "1/2-1/2"]
[WhiteElo "2412"]
[BlackElo "2207"]
[PlyCount "76"]
[EventDate "2003.09.27"]
[EventType "swiss"]
[EventRounds "9"]
[EventCountry "IOM"]
[SourceTitle "BritBase"]
[SourceDate "2008.07.14"]
[SourceVersion "1"]
[SourceVersionDate "2008.07.14"]
[SourceQuality "2"]

1. e4 c6 2. Nc3 d5 3. Nf3 Bg4 4. h3 Bxf3 5. Qxf3 e6 6. d3 Bb4 7. exd5 exd5 8.
d4 Qf6 9. Qg4 Nd7 10. Bg5 Qe6+ 11. Qxe6+ fxe6 12. O-O-O Ngf6 13. Bd3 O-O 14.
Ne2 e5 15. c3 e4 16. Bc2 Bd6 17. Be3 b5 18. Rdf1 Nh5 19. Bd1 Nb6 20. g4 Nf4 21.
Nxf4 Bxf4 22. Be2 Rf7 23. Kd2 Nc4+ 24. Bxc4 bxc4 25. b3 Rb8 26. Kc2 cxb3+ 27.
axb3 Rbf8 28. Bxf4 Rxf4 29. f3 exf3 30. Rf2 Re8 31. Kd3 a5 32. Ra1 Rb8 33. Rxa5
Rxb3 34. Rc5 Rb6 35. Ke3 Rf6 36. Rxf3 Rxf3+ 37. Kxf3 Kf7 38. Ke3 Ke6 1/2-1/2

[Event "Monarch Assurance Isle of Man 12th"]
[Site "Port Erin IOM"]
[Date "2003.10.05"]
[Round "9.19"]
[White "Grant, Alan"]
[Black "Williams, Simon K"]
[Result "0-1"]
[WhiteElo "2270"]
[BlackElo "2381"]
[PlyCount "70"]
[EventDate "2003.09.27"]
[EventType "swiss"]
[EventRounds "9"]
[EventCountry "IOM"]
[SourceTitle "BritBase"]
[SourceDate "2008.07.14"]
[SourceVersion "1"]
[SourceVersionDate "2008.07.14"]
[SourceQuality "2"]

1. c4 f5 2. g3 Nf6 3. Bg2 e6 4. Nf3 Be7 5. O-O O-O 6. d3 Nc6 7. Nc3 e5 8. Rb1
Kh8 9. a3 d6 10. b4 Qe8 11. Nd5 Bd8 12. e3 Nxd5 13. cxd5 Ne7 14. e4 Ng8 15. Nd2
Nf6 16. Nc4 Qg6 17. f3 c6 18. dxc6 b5 19. Nxd6 Bb6+ 20. Kh1 Nh5 21. Nxf5 Rxf5
22. g4 Ng3+ 23. hxg3 Rh5+ 24. Bh3 Rxh3+ 25. Kg2 Rh6 26. Bxh6 Qxh6 27. Qc2 Be6
28. Rh1 Qe3 29. Rh5 Rf8 30. Rf1 Rxf3 31. Rxf3 Qg1+ 32. Kh3 Qh1+ 33. Qh2 Qxf3
34. Rxe5 Bxg4+ 35. Kh4 Bd8+ 0-1

[Event "Monarch Assurance Isle of Man 12th"]
[Site "Port Erin IOM"]
[Date "2003.10.05"]
[Round "9.20"]
[White "Daly, Colm"]
[Black "Dannevig, Oystein"]
[Result "1/2-1/2"]
[WhiteElo "2355"]
[BlackElo "2331"]
[PlyCount "86"]
[EventDate "2003.09.27"]
[EventType "swiss"]
[EventRounds "9"]
[EventCountry "IOM"]
[SourceTitle "BritBase"]
[SourceDate "2008.07.14"]
[SourceVersion "1"]
[SourceVersionDate "2008.07.14"]
[SourceQuality "2"]

1. c4 e5 2. Nc3 Nf6 3. Nf3 Nc6 4. d3 Bb4 5. Bd2 O-O 6. a3 Bxc3 7. Bxc3 Re8 8.
e4 d6 9. Be2 Bg4 10. b4 Bxf3 11. Bxf3 Nd7 12. O-O Nf8 13. Bg4 Ne6 14. Bxe6 fxe6
15. f4 exf4 16. Rxf4 e5 17. Rf5 Ne7 18. Rf2 Qd7 19. d4 Qe6 20. d5 Qd7 21. Qe2
Rf8 22. Raf1 Rxf2 23. Qxf2 Ng6 24. g3 b6 25. Qf5 Qe7 26. Bd2 Rf8 27. Qg4 Qe8
28. h4 Rxf1+ 29. Kxf1 Nf8 30. h5 Nd7 31. Bg5 h6 32. Bh4 Nf8 33. Qf5 c6 34. Kg2
cxd5 35. cxd5 a5 36. g4 axb4 37. axb4 Qb5 38. Be7 Qe2+ 39. Kg3 Qe3+ 40. Kg2
Qe2+ 41. Kg3 Qe3+ 42. Qf3 Qg1+ 43. Qg2 Qe3+ 1/2-1/2

[Event "Monarch Assurance Isle of Man 12th"]
[Site "Port Erin IOM"]
[Date "2003.10.05"]
[Round "9.21"]
[White "Emms, John"]
[Black "Ryan, Joseph"]
[Result "1/2-1/2"]
[WhiteElo "2520"]
[BlackElo "2291"]
[PlyCount "78"]
[EventDate "2003.09.27"]
[EventType "swiss"]
[EventRounds "9"]
[EventCountry "IOM"]
[SourceTitle "BritBase"]
[SourceDate "2008.07.14"]
[SourceVersion "1"]
[SourceVersionDate "2008.07.14"]
[SourceQuality "2"]

1. e4 e6 2. d4 d5 3. Nd2 Nf6 4. Bd3 c5 5. e5 Nfd7 6. c3 Nc6 7. Ne2 cxd4 8. cxd4
f6 9. exf6 Nxf6 10. O-O Bd6 11. Nf3 Qc7 12. Bg5 O-O 13. Bh4 Nh5 14. Qc2 h6 15.
Bh7+ Kh8 16. Bg6 Rxf3 17. Bxh5 Rf8 18. Bg3 Bd7 19. Rad1 Rf6 20. Nc3 a6 21. Rfe1
Raf8 22. Re2 Bf4 23. Bg4 Qd6 24. a3 Be8 25. Na4 e5 26. dxe5 Nxe5 27. Bh3 Bh5
28. f3 Bxg3 29. hxg3 Nxf3+ 30. gxf3 Qxg3+ 31. Bg2 Bxf3 32. Rd3 Qg4 33. Rf2 Bxg2
34. Rxg2 Rf1+ 35. Kh2 Qh4+ 36. Rh3 Qf4+ 37. Rhg3 Qh4+ 38. Rh3 Qf4+ 39. Rhg3
Qh4+ 1/2-1/2

[Event "Monarch Assurance Isle of Man 12th"]
[Site "Port Erin IOM"]
[Date "2003.10.05"]
[Round "9.22"]
[White "Jonkman, Harmen"]
[Black "Hutchinson, Paul A"]
[Result "1-0"]
[WhiteElo "2424"]
[BlackElo "2255"]
[PlyCount "137"]
[EventDate "2003.09.27"]
[EventType "swiss"]
[EventRounds "9"]
[EventCountry "IOM"]
[SourceTitle "BritBase"]
[SourceDate "2008.07.14"]
[SourceVersion "1"]
[SourceVersionDate "2008.07.14"]
[SourceQuality "2"]

1. e4 e5 2. Nf3 Nf6 3. Nc3 Nc6 4. Bb5 d6 5. d4 exd4 6. Nxd4 Bd7 7. O-O Be7 8.
Nxc6 Bxc6 9. Bxc6+ bxc6 10. b3 Nd7 11. Bb2 Bf6 12. Na4 O-O 13. Bd4 Re8 14. f3
Bxd4+ 15. Qxd4 Qf6 16. Qxf6 Nxf6 17. c4 d5 18. cxd5 cxd5 19. exd5 Nxd5 20. Rfd1
c6 21. Rd2 Rad8 22. Rc1 Rd6 23. Nc5 f5 24. Kf2 Kf7 25. a3 Rh6 26. h3 Rg6 27.
Nd3 Rge6 28. Rc4 g5 29. Nb4 Nxb4 30. Rxb4 R8e7 31. Rc4 Rb7 32. b4 f4 33. h4 h6
34. hxg5 hxg5 35. Rc5 Kf6 36. Rdc2 Rb6 37. Ra5 a6 38. Rac5 Kg6 39. R2c4 Kf6 40.
g3 fxg3+ 41. Kxg3 Ke7 42. Rxg5 Rb8 43. Rg7+ Kd6 44. Rd4+ Ke5 45. Re4+ Kd6 46.
Rxe6+ Kxe6 47. Rg5 Kd6 48. f4 Re8 49. Kf3 Re1 50. Ra5 Ke6 51. Rxa6 Rf1+ 52. Ke4
Re1+ 53. Kd4 Rd1+ 54. Kc5 Rc1+ 55. Kb6 Kf5 56. Ra5+ Kxf4 57. Rc5 Ra1 58. Rc3
Ke4 59. Kxc6 Kd4 60. Rh3 Rc1+ 61. Kb6 Rg1 62. b5 Rg6+ 63. Ka7 Rg7+ 64. Ka6 Rg8
65. b6 Ra8+ 66. Kb5 Rg8 67. b7 Rg1 68. Rh4+ Kd5 69. b8=Q 1-0

[Event "Monarch Assurance Isle of Man 12th"]
[Site "Port Erin IOM"]
[Date "2003.10.05"]
[Round "9.24"]
[White "Cioara, Andrei N"]
[Black "Bentley, John"]
[Result "1/2-1/2"]
[WhiteElo "2394"]
[BlackElo "2211"]
[PlyCount "62"]
[EventDate "2003.09.27"]
[EventType "swiss"]
[EventRounds "9"]
[EventCountry "IOM"]
[SourceTitle "BritBase"]
[SourceDate "2008.07.14"]
[SourceVersion "1"]
[SourceVersionDate "2008.07.14"]
[SourceQuality "2"]

1. e4 c5 2. Nf3 g6 3. d4 cxd4 4. Nxd4 Bg7 5. Nc3 Nc6 6. Be3 Nf6 7. Nxc6 bxc6 8.
e5 Nd5 9. Nxd5 cxd5 10. Qxd5 Rb8 11. Bd4 Qc7 12. Qc4 Qb7 13. f3 O-O 14. Bd3 d6
15. exd6 Be6 16. Qa4 Bd7 17. Qxa7 Qb4+ 18. c3 Qxb2 19. O-O Rb7 20. Rfb1 Rxa7
21. Rxb2 Bxd4+ 22. cxd4 exd6 23. Rb6 d5 24. Rd6 Rfa8 25. Rxd5 Be6 26. Rd6 Kf8
27. Be4 Rxa2 28. Rb1 R8a7 29. h4 Rd2 30. Rb7 Rxb7 31. Bxb7 Ke7 1/2-1/2

[Event "Monarch Assurance Isle of Man 12th"]
[Site "Port Erin IOM"]
[Date "2003.10.05"]
[Round "9.25"]
[White "Porat, David"]
[Black "Pert, Richard"]
[Result "0-1"]
[WhiteElo "2235"]
[BlackElo "2380"]
[PlyCount "76"]
[EventDate "2003.09.27"]
[EventType "swiss"]
[EventRounds "9"]
[EventCountry "IOM"]
[SourceTitle "BritBase"]
[SourceDate "2008.07.14"]
[SourceVersion "1"]
[SourceVersionDate "2008.07.14"]
[SourceQuality "2"]

1. d4 e6 2. c4 f5 3. g3 Nf6 4. Bg2 Be7 5. Nf3 O-O 6. O-O d6 7. b3 Ne4 8. Bb2
Bf6 9. Nbd2 Nc6 10. Rb1 a5 11. a3 Nxd2 12. Qxd2 e5 13. d5 Nb8 14. Qc2 Na6 15.
Nd2 Qe8 16. f3 Bg5 17. Qc3 Nc5 18. Rfd1 Bxd2 19. Rxd2 f4 20. gxf4 Rxf4 21. e4
Qh5 22. Kh1 Rh4 23. Bf1 Bd7 24. b4 Na4 25. Qe3 Rf4 26. Be2 axb4 27. axb4 Nxb2
28. Rdxb2 Qh3 29. Rg1 Bg4 30. Rb3 Bh5 31. Ra3 Rxa3 32. Qxa3 Bxf3+ 33. Bxf3 Rxf3
34. Qa4 Rf8 35. Qc2 Rf4 36. Qe2 Qh4 37. Qg2 g6 38. c5 Rf2 0-1

[Event "Monarch Assurance Isle of Man 12th"]
[Site "Port Erin IOM"]
[Date "2003.10.05"]
[Round "9.26"]
[White "Gordon, Stephen J"]
[Black "Aagaard, Jacob"]
[Result "1-0"]
[WhiteElo "2216"]
[BlackElo "2360"]
[PlyCount "33"]
[EventDate "2003.09.27"]
[EventType "swiss"]
[EventRounds "9"]
[EventCountry "IOM"]
[SourceTitle "BritBase"]
[SourceDate "2008.07.14"]
[SourceVersion "1"]
[SourceVersionDate "2008.07.14"]
[SourceQuality "2"]

1. d4 Nf6 2. c4 e6 3. Nc3 Bb4 4. e3 d5 5. a3 Bxc3+ 6. bxc3 c5 {(=)} 7. cxd5
exd5 8. Bd3 O-O 9. Ne2 b6 10. O-O Ba6 11. Bxa6 Nxa6 12. Qd3 Nc7 13. f3 Qd7 14.
e4 c4 15. Qc2 dxe4 16. fxe4 Qe6 17. Ng3 {confirmation - score and result (1-0)
are correct.} 1-0

[Event "Monarch Assurance Isle of Man 12th"]
[Site "Port Erin IOM"]
[Date "2003.10.05"]
[Round "9.27"]
[White "Fossum, Oystein Boyum"]
[Black "Mannion, Stephen"]
[Result "0-1"]
[WhiteElo "2090"]
[BlackElo "2339"]
[PlyCount "114"]
[EventDate "2003.09.27"]
[EventType "swiss"]
[EventRounds "9"]
[EventCountry "IOM"]
[SourceTitle "BritBase"]
[SourceDate "2008.07.14"]
[SourceVersion "1"]
[SourceVersionDate "2008.07.14"]
[SourceQuality "2"]

1. e4 e5 2. Nf3 Nc6 3. Bc4 Bc5 4. O-O Nf6 5. d3 d6 6. c3 a6 7. b4 Ba7 8. Nbd2
O-O 9. h3 Ne7 10. Re1 Ng6 11. Nf1 c6 12. Ng3 Re8 13. Bb3 h6 14. d4 Qc7 15. a3
Be6 16. Ra2 Rad8 17. d5 cxd5 18. exd5 Bd7 19. c4 b5 20. Rc2 bxc4 21. Bxc4 Qb7
22. Qd3 Bb5 23. Ne4 Nxe4 24. Qxe4 Ne7 25. Nh4 Bxc4 26. Rxc4 Qxd5 27. Qxd5 Nxd5
28. Rc6 a5 29. Ra6 Bb6 30. Rd1 Nc3 31. Rd2 Bd4 32. Nf5 axb4 33. axb4 Ne4 34.
Nxd4 Nxd2 35. Nc6 Nc4 36. Nxd8 Rxd8 37. Rc6 d5 38. b5 Rb8 39. Rc5 Nb6 40. Bd2
f6 41. Ba5 d4 42. Bxb6 Rxb6 43. Kf1 Kf7 44. Ke2 Ke6 45. Kd3 Rd6 46. f3 Rd5 47.
Rc6+ Kd7 48. Ra6 Rxb5 49. Ra7+ Ke6 50. Rxg7 Rb2 51. Rg6 h5 52. Rg8 Kf7 53. Rg3
Rb3+ 54. Ke2 e4 55. Kf2 e3+ 56. Ke1 d3 57. Kd1 Rb1# 0-1

[Event "Monarch Assurance Isle of Man 12th"]
[Site "Port Erin IOM"]
[Date "2003.10.05"]
[Round "9.28"]
[White "Hughes, Howard"]
[Black "Devereaux, Max"]
[Result "1-0"]
[WhiteElo "2215"]
[BlackElo "2329"]
[PlyCount "61"]
[EventDate "2003.09.27"]
[EventType "swiss"]
[EventRounds "9"]
[EventCountry "IOM"]
[SourceTitle "BritBase"]
[SourceDate "2008.07.14"]
[SourceVersion "1"]
[SourceVersionDate "2008.07.14"]
[SourceQuality "2"]

1. e4 c5 2. d4 cxd4 3. c3 Nf6 4. e5 Nd5 5. cxd4 e6 6. Nf3 b6 7. Nc3 Nxc3 8.
bxc3 Qc7 9. Bd2 d6 10. Bd3 Nd7 11. O-O dxe5 12. Nxe5 Nxe5 13. dxe5 Be7 14. Qf3
Bb7 15. Bb5+ Kf8 16. Qg3 h5 17. h4 a6 18. Be2 g5 19. Bxg5 Bxg5 20. hxg5 h4 21.
Qf4 h3 22. Bf3 hxg2 23. Kxg2 Rg8 24. Rad1 Qe7 25. Bxb7 Rxg5+ 26. Kf3 Qxb7+ 27.
Ke3 Qg2 28. Rh1 Rg7 29. Rh8+ Rg8 30. Rd7 Qg7 31. Qb4+ 1-0

[Event "Monarch Assurance Isle of Man 12th"]
[Site "Port Erin IOM"]
[Date "2003.10.05"]
[Round "9.29"]
[White "Molander, Riku"]
[Black "Walton, Alan J"]
[Result "1-0"]
[WhiteElo "2324"]
[BlackElo "2158"]
[PlyCount "47"]
[EventDate "2003.09.27"]
[EventType "swiss"]
[EventRounds "9"]
[EventCountry "IOM"]
[SourceTitle "BritBase"]
[SourceDate "2008.07.14"]
[SourceVersion "1"]
[SourceVersionDate "2008.07.14"]
[SourceQuality "2"]

1. e4 e6 2. d4 d5 3. e5 c5 4. c3 Nc6 5. Nf3 Qb6 6. a3 Nh6 7. b4 cxd4 8. cxd4
Nf5 9. Bb2 Be7 10. Bd3 a5 11. Qa4 O-O 12. b5 Bd7 13. O-O Na7 14. Nc3 Rac8 15.
Bxf5 exf5 16. Nxd5 Qe6 17. Nxe7+ Qxe7 18. Qxa5 Bxb5 19. Qxa7 Bxf1 20. Rxf1 Rc2
21. Qb6 Rfc8 22. d5 Qc5 23. Qxb7 Rc7 24. Qb3 1-0

[Event "Monarch Assurance Isle of Man 12th"]
[Site "Port Erin IOM"]
[Date "2003.10.05"]
[Round "9.30"]
[White "Thompson, Ian D"]
[Black "Timmermans, Ivo"]
[Result "1-0"]
[WhiteElo "2290"]
[BlackElo "2213"]
[PlyCount "123"]
[EventDate "2003.09.27"]
[EventType "swiss"]
[EventRounds "9"]
[EventCountry "IOM"]
[SourceTitle "BritBase"]
[SourceDate "2008.07.14"]
[SourceVersion "1"]
[SourceVersionDate "2008.07.14"]
[SourceQuality "2"]

1. c4 Nf6 2. g3 e5 3. Bg2 Nc6 4. Nc3 Bb4 5. Nd5 Bc5 6. e3 O-O 7. Ne2 d6 8. O-O
Bg4 9. f3 Bd7 10. d4 Bb6 11. Nxb6 axb6 12. b3 exd4 13. Nxd4 Nxd4 14. Qxd4 Qe7
15. Bb2 Rfe8 16. e4 b5 17. cxb5 Bxb5 {(=)} 18. Rfe1 Red8 19. a4 c5 20. Qc3 Bc6
21. e5 dxe5 22. Rxe5 Qc7 23. Rxc5 Rd6 24. Re1 Rad8 25. Rce5 h6 26. Re7 Qb6+ 27.
Qe3 Bd5 28. Qxb6 Rxb6 29. Rd1 Rdd6 30. b4 Be6 31. Rxd6 Rxd6 32. Bxf6 gxf6 33.
Bf1 Rd1 34. Kf2 Ra1 35. a5 Ra2+ 36. Ke3 Bd5 37. Rd7 Ra3+ 38. Bd3 Bc6 39. Rd8+
Kg7 40. Kd4 Bxf3 41. Kc5 Ra2 42. Rd7 Rxh2 43. b5 Rg2 44. Bc4 Rxg3 45. Bxf7 Rg5+
46. Bd5+ Kg6 47. a6 bxa6 48. bxa6 Re5 49. a7 Bxd5 50. Rxd5 Re8 51. Kb6 f5 52.
Ra5 Kg5 53. a8=Q Rxa8 54. Rxa8 h5 55. Kc5 h4 56. Kd4 Kf4 57. Rh8 Kg3 58. Ke3
f4+ 59. Ke2 Kg2 60. Rg8+ Kh1 61. Kf2 h3 62. Rh8 1-0

[Event "Monarch Assurance Isle of Man 12th"]
[Site "Port Erin IOM"]
[Date "2003.10.05"]
[Round "9.31"]
[White "Shaw, David A"]
[Black "Ashton, Adam"]
[Result "1/2-1/2"]
[WhiteElo "2183"]
[BlackElo "2234"]
[PlyCount "42"]
[EventDate "2003.09.27"]
[EventType "swiss"]
[EventRounds "9"]
[EventCountry "IOM"]
[SourceTitle "BritBase"]
[SourceDate "2008.07.14"]
[SourceVersion "1"]
[SourceVersionDate "2008.07.14"]
[SourceQuality "2"]

1. e4 e5 2. Nf3 Nc6 3. Bc4 Nf6 4. Ng5 d5 5. exd5 Na5 6. Bb5+ c6 7. dxc6 bxc6 8.
Be2 h6 9. Nf3 e4 10. Ne5 Bc5 11. c3 O-O 12. d4 exd3 13. Nxd3 Bd6 14. Bf4 Bxf4
15. Nxf4 Qc7 16. g3 Bf5 17. O-O Rfe8 18. Bf3 Rad8 19. Qa4 g5 20. Ng2 g4 21. Bd1
Bd3 1/2-1/2

[Event "Monarch Assurance Isle of Man 12th"]
[Site "Port Erin IOM"]
[Date "2003.10.05"]
[Round "9.32"]
[White "Gabrielsen, Trond"]
[Black "Porat, Ido"]
[Result "0-1"]
[WhiteElo "2228"]
[BlackElo "2147"]
[PlyCount "80"]
[EventDate "2003.09.27"]
[EventType "swiss"]
[EventRounds "9"]
[EventCountry "IOM"]
[SourceTitle "BritBase"]
[SourceDate "2008.07.14"]
[SourceVersion "1"]
[SourceVersionDate "2008.07.14"]
[SourceQuality "2"]

1. e4 e5 2. Nf3 Nf6 3. Nxe5 d6 4. Nf3 Nxe4 5. d4 d5 6. Bd3 Nc6 7. O-O Be7 8. c4
Nb4 9. Be2 O-O 10. a3 Nc6 11. cxd5 Qxd5 12. Nc3 Nxc3 13. bxc3 Bf5 14. Bf4 Bd6
15. c4 Qe4 16. Be3 Rad8 17. Ra2 Bg6 18. Qb3 Na5 19. Qc3 b6 20. Rd2 Nb7 21. Re1
Qe7 22. Bg5 f6 23. c5 Qd7 24. cxd6 fxg5 25. dxc7 Rc8 26. Rc1 Nd6 27. Ne5 Qe6
28. Ba6 Rce8 29. f3 b5 30. Qc6 Qb3 31. Qc3 Qe6 32. Qb4 g4 33. Rc6 gxf3 34. Rxd6
Qf5 35. gxf3 Qg5+ 36. Kf1 Bf5 37. Bxb5 Bh3+ 38. Ke1 Qg1+ 39. Ke2 Bf1+ 40. Kd1
Bd3# 0-1

[Event "Monarch Assurance Isle of Man 12th"]
[Site "Port Erin IOM"]
[Date "2003.10.05"]
[Round "9.33"]
[White "Allen, Keith"]
[Black "McPhillips, Karl"]
[Result "1/2-1/2"]
[WhiteElo "2224"]
[BlackElo "1918"]
[PlyCount "76"]
[EventDate "2003.09.27"]
[EventType "swiss"]
[EventRounds "9"]
[EventCountry "IOM"]
[SourceTitle "BritBase"]
[SourceDate "2008.07.14"]
[SourceVersion "1"]
[SourceVersionDate "2008.07.14"]
[SourceQuality "2"]

1. d4 Nf6 2. c4 g6 3. Nc3 Bg7 4. e4 d6 5. Nf3 O-O 6. Be2 e5 7. d5 a5 8. Bg5 h6
9. Bh4 Qe8 10. Nd2 Na6 11. O-O Nc5 12. f3 Nh5 13. Qc2 Bf6 14. Bxf6 Nxf6 15. b3
Nh5 16. Rfe1 Qe7 17. a3 Nf4 18. g3 Nh3+ 19. Kg2 Qg5 20. Nf1 h5 21. b4 axb4 22.
axb4 Rxa1 23. Rxa1 Na6 24. Rb1 h4 25. Qd2 Nf4+ 26. Kf2 hxg3+ 27. hxg3 Nh3+ 28.
Ke1 f5 29. Qxg5 Nxg5 30. Nd2 fxe4 31. Ncxe4 Nxe4 32. Nxe4 Bf5 33. Bd3 Kg7 34.
Kf2 Rh8 35. Kg2 Bh3+ 36. Kf2 Bf5 37. Kg2 Bh3+ 38. Kf2 Bf5 1/2-1/2

[Event "Monarch Assurance Isle of Man 12th"]
[Site "Port Erin IOM"]
[Date "2003.10.05"]
[Round "9.34"]
[White "Moes, Waldemar"]
[Black "Bjarnason, Oskar"]
[Result "0-1"]
[WhiteElo "2027"]
[BlackElo "2261"]
[PlyCount "34"]
[EventDate "2003.09.27"]
[EventType "swiss"]
[EventRounds "9"]
[EventCountry "IOM"]
[SourceTitle "BritBase"]
[SourceDate "2008.07.14"]
[SourceVersion "1"]
[SourceVersionDate "2008.07.14"]
[SourceQuality "2"]

1. e4 d5 2. exd5 Qxd5 3. Nc3 Qa5 4. d4 Nf6 5. Nf3 Bg4 6. h3 Bh5 7. g4 Bg6 8.
Ne5 e6 9. h4 Bb4 10. Rh3 Bxc3+ 11. bxc3 Nbd7 12. h5 Nxe5 13. dxe5 Qxe5+ 14. Re3
Be4 15. Bd3 Qxc3+ 16. Bd2 Qc6 17. g5 Bxd3 0-1

[Event "Monarch Assurance Isle of Man 12th"]
[Site "Port Erin IOM"]
[Date "2003.10.05"]
[Round "9.35"]
[White "Spence, David J"]
[Black "Fairbairn, Stephen"]
[Result "1/2-1/2"]
[WhiteElo "2187"]
[BlackElo "2096"]
[PlyCount "39"]
[EventDate "2003.09.27"]
[EventType "swiss"]
[EventRounds "9"]
[EventCountry "IOM"]
[SourceTitle "BritBase"]
[SourceDate "2008.07.14"]
[SourceVersion "1"]
[SourceVersionDate "2008.07.14"]
[SourceQuality "2"]

1. e4 c6 2. d4 d5 3. e5 Bf5 4. Be2 e6 5. Nf3 c5 6. O-O Nc6 7. c3 Rc8 8. Be3
cxd4 9. Bxd4 Nge7 10. Nbd2 Bg4 11. h3 Bxf3 12. Nxf3 Nf5 13. a3 Be7 14. b4 O-O
15. Bd3 Nfxd4 16. cxd4 Nb8 17. Nd2 Qd7 18. Qb1 g6 19. Qb2 Rc7 20. Rfc1 1/2-1/2